| 000 | 00658cab a2200229 4500 | ||
|---|---|---|---|
| 001 | WB3215-48 | ||
| 008 | 090401t1996 xxu||||| |||| 00| 0 eng d | ||
| 035 | _a(Sirsi) u69869 | ||
| 041 | _aeng | ||
| 245 | _aHome ownership still popular | ||
| 260 | _c1996 | ||
| 350 | _a0 | ||
| 490 |
_aFinancial Times _v11 April 1996, 6(1) |
||
| 520 | _aA recent government survey shows that two out of three people in private rented accommodation would rather buy their own home. | ||
| 650 | _aHOME OWNERSHIP | ||
| 650 | _aHOUSE PRICES | ||
| 650 | _aHOUSING MARKET | ||
| 650 | _aRENTED ACCOMMODATION | ||
| 690 | _aHOUSING | ||
| 942 | _n0 | ||
| 948 | _c04/03/1997 | ||
| 999 |
_c43931 _d43931 |
||